Fly Guy presents : (Record no. 4157)

MARC details
000 -LEADER
fixed length control field 01386cam a2200433 i 4500
001 - CONTROL NUMBER
control field 4157
003 - CONTROL NUMBER IDENTIFIER
control field FISKH
005 - DATE AND TIME OF LATEST TRANSACTION
control field 20250704105320.0
008 - FIXED-LENGTH DATA ELEMENTS--GENERAL INFORMATION
fixed length control field 150223s2014 nyua b 000 0 eng d
010 ## - LIBRARY OF CONGRESS CONTROL NUMBER
LC control number 2015301701
020 ## - INTERNATIONAL STANDARD BOOK NUMBER
International Standard Book Number 9780545631600
020 ## - INTERNATIONAL STANDARD BOOK NUMBER
International Standard Book Number 0545631602
020 ## - INTERNATIONAL STANDARD BOOK NUMBER
International Standard Book Number 9780606358187 (hardcover)
020 ## - INTERNATIONAL STANDARD BOOK NUMBER
International Standard Book Number 0606358188 (hardcover)
035 ## - SYSTEM CONTROL NUMBER
System control number (OCoLC)ocn884507665
040 ## - CATALOGING SOURCE
Original cataloging agency IMF
Language of cataloging eng
Transcribing agency IMF
Description conventions rda
Modifying agency IMF
-- ZQP
-- JP3
-- FOLLT
-- YDXCP
-- BTCTA
-- BDX
-- CLE
-- VP@
-- CCD
-- DLC
050 ## - LIBRARY OF CONGRESS CALL NUMBER
Classification number HD8039.F5
082 ## - DEWEY DECIMAL CLASSIFICATION NUMBER
Classification number 363.37
100 1# - MAIN ENTRY--PERSONAL NAME
Personal name Arnold, Tedd,
245 10 - TITLE STATEMENT
Title Fly Guy presents :
Remainder of title firefighters /
Statement of responsibility, etc. Tedd Arnold.
260 ## - PUBLICATION, DISTRIBUTION, ETC.
Place of publication, distribution, etc. New York :
Name of publisher, distributor, etc. Scholastic,
Date of publication, distribution, etc. 2014.
300 ## - PHYSICAL DESCRIPTION
Extent 32 unnumbered pages :
Other physical details illustrations ;
Dimensions 23 cm
336 ## - CONTENT TYPE
Content type term text
Source rdacontent
336 ## - CONTENT TYPE
Content type term still image
Source rdacontent
337 ## - MEDIA TYPE
Media type term unmediated
Source rdamedia
338 ## - CARRIER TYPE
Carrier type term volume
Source rdacarrier
490 1# - SERIES STATEMENT
Series statement Fly Guy
490 1# - SERIES STATEMENT
Series statement Scholastic reader. Level 2
505 ## - FORMATTED CONTENTS NOTE
Formatted contents note O<br/>
520 ## - SUMMARY, ETC.
Summary, etc. Buzz and Fly Guy visit the firehouse, where they learn facts about firefighters, fire trucks, and fire safety .
521 ## - TARGET AUDIENCE NOTE
Target audience note 600<br/>
Source Lexile<br/>
521 ## - TARGET AUDIENCE NOTE
Target audience note O<br/>
Source Raz-Plus <br/>
650 #0 - SUBJECT ADDED ENTRY--TOPICAL TERM
Topical term or geographic name entry element Fire fighters
Form subdivision Juvenile literature.
650 #1 - SUBJECT ADDED ENTRY--TOPICAL TERM
Topical term or geographic name entry element Fire fighters.
655 #7 - INDEX TERM--GENRE/FORM
Genre/form data or focus term Readers (Elementary).
Source of term lcsh
906 ## - LOCAL DATA ELEMENT F, LDF (RLIN)
a 7
b cbc
c copycat
d 2
e ncip
f 20
g y-gencatlg
942 ## - ADDED ENTRY ELEMENTS (KOHA)
Source of classification or shelving scheme Dewey Decimal Classification
Koha item type Books
Suppress in OPAC No
Holdings
Withdrawn status Lost status Source of classification or shelving scheme Damaged status Not for loan Collection Home library Current library Shelving location Date acquired Total Checkouts Full call number Barcode Date last seen Copy number Price effective from Koha item type Date last checked out
    Dewey Decimal Classification     Non-Fiction Footprints International School Library Network Toul Kork Campus Footprints International School Library Network Toul Kork Campus TK Primary Library Room(4th Floor), Bookcase 3&4, Shelves 17-32, Yellow Books 06/24/2024   ARN 363.37 HD8039.F5 FISTK TC 056 06/24/2024 1 06/24/2024 Books  
    Dewey Decimal Classification     Non-Fiction Footprints International School Library Network Toul Kork Campus Footprints International School Library Network Toul Kork Campus TK Primary Library Room(4th Floor), Bookcase 3&4, Shelves 17-32, Yellow Books 07/12/2024   ARN 363.37 HD8039.F5 FISBK073210 07/12/2024 2 07/12/2024 Books  
    Dewey Decimal Classification     Non-Fiction Footprints International School Library Network Toul Tom Poung Campus Footprints International School Library Network Toul Tom Poung Campus TTP Primary Yellow Bookshelves 07/04/2025 1 ARN 363.37 HD8039.F5 FIS01701 12/02/2025 3 07/04/2025 Books 12/02/2025
    Dewey Decimal Classification     Non-Fiction Footprints International School Library Network Toul Tom Poung Campus Footprints International School Library Network Toul Tom Poung Campus TTP Primary Yellow Bookshelves 09/11/2025   ARN 363.37 HD8039.F5 FIS01696 09/11/2025 4 09/11/2025 Books